Animal hide and seek / (Record no. 5668)

MARC details
000 -LEADER
fixed length control field 01104cam a22003614a 4500
001 - CONTROL NUMBER
control field 5668
003 - CONTROL NUMBER IDENTIFIER
control field FISKH
005 - DATE AND TIME OF LATEST TRANSACTION
control field 20250110104558.0
008 - FIXED-LENGTH DATA ELEMENTS--GENERAL INFORMATION
fixed length control field 060222s2006 nyua j 001 0 eng
010 ## - LIBRARY OF CONGRESS CONTROL NUMBER
LC control number 2006006440
020 ## - INTERNATIONAL STANDARD BOOK NUMBER
International Standard Book Number 0756619610
020 ## - INTERNATIONAL STANDARD BOOK NUMBER
International Standard Book Number 9780756619619
020 ## - INTERNATIONAL STANDARD BOOK NUMBER
International Standard Book Number 0756619629 (hardcover)
035 ## - SYSTEM CONTROL NUMBER
System control number (OCoLC)ocm64390533
040 ## - CATALOGING SOURCE
Original cataloging agency DLC
Transcribing agency DLC
Modifying agency DLC
Language of cataloging eng
050 ## - LIBRARY OF CONGRESS CALL NUMBER
Classification number QL759.S65
082 ## - DEWEY DECIMAL CLASSIFICATION NUMBER
Classification number 591.47
100 1# - MAIN ENTRY--PERSONAL NAME
Personal name Smith, Penny.
245 10 - TITLE STATEMENT
Title Animal hide and seek /
Statement of responsibility, etc. written by Penny Smith.
260 ## - PUBLICATION, DISTRIBUTION, ETC.
Place of publication, distribution, etc. New York :
Name of publisher, distributor, etc. DK Publishing,
Date of publication, distribution, etc. 2006.
300 ## - PHYSICAL DESCRIPTION
Extent 32 pages :
Other physical details color illustrations ;
Dimensions 23 cm
490 1# - SERIES STATEMENT
Series statement DK readers, level 1, beginning to read
500 ## - GENERAL NOTE
General note Includes index.
504 ## - BIBLIOGRAPHY, ETC. NOTE
Bibliography, etc. note Includes bibliographical references and index.
505 ## - FORMATTED CONTENTS NOTE
Formatted contents note G<br/>
520 ## - SUMMARY, ETC.
Summary, etc. Describes the ways animals keep themselves safe and hidden.
521 8# - TARGET AUDIENCE NOTE
Target audience note 370<br/>
Source Lexile estimate<br/>
521 8# - TARGET AUDIENCE NOTE
Target audience note G<br/>
Source Raz-Plus<br/>
650 #0 - SUBJECT ADDED ENTRY--TOPICAL TERM
Topical term or geographic name entry element Camouflage (Biology)
Form subdivision Juvenile literature.
906 ## - LOCAL DATA ELEMENT F, LDF (RLIN)
a 7
b cbc
c orignew
d 1
e ecip
f 20
g y-gencatlg
942 ## - ADDED ENTRY ELEMENTS (KOHA)
Source of classification or shelving scheme Dewey Decimal Classification
Koha item type Books
Suppress in OPAC No
Holdings
Withdrawn status Lost status Source of classification or shelving scheme Damaged status Not for loan Collection Home library Current library Shelving location Date acquired Total Checkouts Full call number Barcode Date last seen Price effective from Koha item type
    Dewey Decimal Classification     Juvenile Fiction Footprints International School Library Network Toul Kork Campus Footprints International School Library Network Toul Kork Campus TK Primary Library Room(4th Floor), Bookcase 7, Shelves 57-60, Dark Green Books 01/10/2025   SMI 591.47 QL759.S65 FISTK01439 01/10/2025 01/10/2025 Books